Countries with Costco - Statistics

General Stats
  • This quiz has been taken 53 times
  • The average score is 11 of 14
Answer Stats
Costco Country % Correct
572 USA
98%
105 Canada
96%
2 France
96%
40 Mexico
94%
2 China
91%
29 UK
91%
30 Japan
89%
4 Spain
83%
13 Australia
77%
16 South Korea
74%
opening soon! New Zealand
70%
opening soon! Sweden
66%
14 Taiwan
47%
1 Iceland
40%
No matching quizzes found
Score Distribution
Percent of People with Each Score
Percentile by Number Answered
Your Score History
You have not taken this quiz